| 000 | 003030000a22001090004500 | ||
|---|---|---|---|
| 090 |
_aAS _bSeriadas |
||
| 245 | 1 | 0 | _aGénero Bromus en los Andes centrales de Suramérica |
| 041 | 0 | _aEspañol | |
| 100 | 1 |
_aPinto Escobar, Polidoro _912161 |
|
| 942 | _cARTICULO | ||
| 773 | 1 |
_tCaldasia _345 _h71-75 _q15-34 _d1986 _g15 |
|
| 999 |
_c14791 _d14791 |
||